Waverley BC and (A) Kingston Estates Ltd & G Davis Esq and (B) Surrey Counties (Sutton) Ltd (Record no. 57397)

MARC details
000 -LEADER
fixed length control field 01556cab a2200277 4500
001 - CONTROL NUMBER
control field X95889
008 - FIXED-LENGTH DATA ELEMENTS--GENERAL INFORMATION
fixed length control field 090401t1998 xxu||||| |||| 00| 0 eng d
035 ## - SYSTEM CONTROL NUMBER
System control number (Sirsi) u90517
041 ## - LANGUAGE CODE
Language code of text/sound track or separate title eng
245 ## - TITLE STATEMENT
Title Waverley BC and (A) Kingston Estates Ltd & G Davis Esq and (B) Surrey Counties (Sutton) Ltd
260 ## - PUBLICATION, DISTRIBUTION, ETC.
Date of publication, distribution, etc. 1998
350 ## - PRICE (NR) (BK AM CF MU VM SE) [OBSOLETE]
Price 0
490 ## - SERIES STATEMENT
Series statement Planning Appeal Decisions
Volume/sequential designation [1998] PAD 13 666-673(8)
520 ## - SUMMARY, ETC.
Summary, etc. Inquiry 30 June 1998. Decision letters 22 July 1998. Outline applications - 13 dwellings - nine houses - demolition of existing buildings - former walking stick factory - structure and local plans - green belt - AONB - AGLV - PPGs 2 and 7 - sites 0.35 ha and 0.26 ha - whether unacceptable loss of industrial and commercial premises - whether any very special circumstances to outweigh presumption against green belt development - established B2 industrial use rights - not economically viable as such - possible commercial use of sites - residential development nearby - conditions. Costs - Council`s failure to demonstrate substantial and sustainable ground for refusing Site A was unreasonable - costs awarded. Headnote from journal.
650 ## - SUBJECT ADDED ENTRY--TOPICAL TERM
Topical term or geographic name entry element AGLV
650 ## - SUBJECT ADDED ENTRY--TOPICAL TERM
Topical term or geographic name entry element AONB
650 ## - SUBJECT ADDED ENTRY--TOPICAL TERM
Topical term or geographic name entry element COMMERCIAL LAND
650 ## - SUBJECT ADDED ENTRY--TOPICAL TERM
Topical term or geographic name entry element GREEN BELT DEVELOPMENT
650 ## - SUBJECT ADDED ENTRY--TOPICAL TERM
Topical term or geographic name entry element INDUSTRIAL LAND
650 ## - SUBJECT ADDED ENTRY--TOPICAL TERM
Topical term or geographic name entry element PLANNING POLICY GUIDANCE NOTE 2 (GREEN BELTS)
650 ## - SUBJECT ADDED ENTRY--TOPICAL TERM
Topical term or geographic name entry element PPG7
650 ## - SUBJECT ADDED ENTRY--TOPICAL TERM
Topical term or geographic name entry element WAVERLEY BC AND (A) KINGSTON ESTATES LTD & G DAVIS ESQ AND (B) SURREY
690 ## - LOCAL SUBJECT ADDED ENTRY--TOPICAL TERM (OCLC, RLIN)
Topical term or geographic name as entry element PLANNING LAW AND PRACTICE-CASE LAW
942 ## - ADDED ENTRY ELEMENTS (KOHA)
Suppress in OPAC 0
948 ## - LOCAL PROCESSING INFORMATION (OCLC); SERIES PART DESIGNATOR (RLIN)
c (OCLC) 05/01/1999
Holdings
Withdrawn status Lost status Source of classification or shelving scheme Damaged status Not for loan Home library Current library Shelving location Date acquired Total Checkouts Full call number Barcode Date last seen Copy number Price effective from Koha item type
    Dewey Decimal Classification     London London Journal article 14/09/1999   X95889 90517-1001 06/08/2019 1 06/08/2019 Law report